00462 2200169 4500001002100000008004100021035002000062245006900082100001900151260002800170300002300198020002200221084001400243082000800257650001200265990001500277INLIS000000000003311 ind  a0010-1225000132 aArkeologi Manguak Rahasia Masa Lampau Romawi KunocZilah Deckker aDeckker, Zilah aJakartabGramediac2024 a64 hlmc17 x 25 cm a978-602-424-777-5 a900 ZIL a a900 aSejarah a19822/B/26